India-Pakistan relations, 1947-2007 : (Record no. 38204)
[ view plain ]
| 000 -LEADER | |
|---|---|
| fixed length control field | 01485nam a2200265 a 4500 |
| 001 - CONTROL NUMBER | |
| control field | 38204 |
| 003 - CONTROL NUMBER IDENTIFIER | |
| rucl marc code | BD-RjUL |
| 005 - DATE AND TIME OF LATEST TRANSACTION | |
| control field | 20211209052740.0 |
| 008 - FIXED-LENGTH DATA ELEMENTS--GENERAL INFORMATION | |
| fixed length control field | 151005s2012 ii ||||| |||| 00| 0 eng d |
| 020 ## - INTERNATIONAL STANDARD BOOK NUMBER | |
| International Standard Book Number | 9789381417027 |
| International Standard Book Number | 9789381417126 |
| 035 ## - SYSTEM CONTROL NUMBER | |
| System control number | (BD-RjUL)38309 |
| 040 ## - CATALOGING SOURCE | |
| Original cataloging agency | BD-RjUL |
| Language of cataloging | eng |
| Transcribing agency | BD-RjUL |
| 041 ## - LANGUAGE CODE | |
| Language code of text/sound track or separate title | eng |
| 082 ## - DEWEY DECIMAL CLASSIFICATION NUMBER | |
| Edition number | 23 |
| Classification number | 327.5405491 |
| Author mark and year | IND 2012 |
| 245 ## - TITLE STATEMENT | |
| Title | India-Pakistan relations, 1947-2007 : |
| Remainder of title | a documentary study / |
| Statement of responsibility, etc. | introduced and edited by Avtar Singh Bhasin. |
| Number of part/section of a work | Vol. X. |
| Name of part/section of a work | Financial issues; Passport & visa; Miscellaneous. |
| 260 ## - PUBLICATION, DISTRIBUTION, ETC. (IMPRINT) | |
| Place of publication, distribution, etc. | New Delhi : |
| Name of publisher, distributor, etc. | Geetika Publishers, |
| Date of publication, distribution, etc. | 2012. |
| 300 ## - PHYSICAL DESCRIPTION | |
| Pagination | various pagings ; |
| Size | 25 cm. |
| 505 ## - FORMATTED CONTENTS NOTE | |
| Formatted contents note | Vol. I. Political relations, 1947-1954 -- vol. II. Political relations, 1955-1969 -- vol. III. Political relations, 1970-1974 -- vol. IV. Political relations, 1975-1989 -- vol. V. Political relations, 1990-2007; No war declaration -- vol. VI. Defence issues; Nuclear; Junagarh; Kashmir -- vol. VII. Kutch; Canal/Indus waters; Eastern waters -- vol. VIII. Trade and commerce; India-East Pakistan border; India-West Pakistan border -- vol. IX. Minorities; Evacuee property -- vol. X. Financial issues; Passport & visa; Miscellaneous. |
| 651 ## - SUBJECT ADDED ENTRY--GEOGRAPHIC NAME | |
| Geographic name | India |
| General subdivision | Foreign relations |
| Geographic subdivision | Pakistan |
| Form subdivision | Sources. |
| 9 (RLIN) | 118138 |
| Geographic name | Pakistan |
| General subdivision | Foreign relations |
| Geographic subdivision | India |
| Form subdivision | Sources. |
| 9 (RLIN) | 118139 |
| Geographic name | India |
| General subdivision | Foreign relations |
| Chronological subdivision | 1947-1984 |
| Form subdivision | Sources |
| 9 (RLIN) | 118140 |
| 700 ## - ADDED ENTRY--PERSONAL NAME | |
| Personal name | Bhasin, Avtar Singh |
| 942 ## - ADDED ENTRY ELEMENTS (KOHA) | |
| Source of classification or shelving scheme | Dewey Decimal Classification |
| Koha item type | Books |
| Lost status | Source of classification or shelving scheme | Damaged status | Not for loan | Collection code | Permanent Location | Current Location | Shelving location | Date acquired | Source of acquisition | Cost, normal purchase price | Total Checkouts | Full call number | Date last seen | Copy number | Koha item type |
|---|---|---|---|---|---|---|---|---|---|---|---|---|---|---|---|
| Dewey Decimal Classification | Not For Loan | Non-fiction | Central Library, University of Rajshahi | Central Library, University of Rajshahi | Rare Book Section | 05/10/2015 | RUCL | 0.00 | RA 327.5405491 IND V-10 2012 | 05/10/2015 | C-1 | Books |